000 00684cam a2200253 4500
001 M93655
008 090401t1998 xxu||||| |||| 00| 0 eng d
035 _a(Sirsi) u88238
041 _aeng
050 _a658.2
100 _aGallagher, M.
245 _aEvolution of facilities management in the health care sector.
260 _aAscot, Berks.
_bCIOB
_c1998
300 _a8p. ; 30cm.
350 _a0
490 _aConstruction Papers
_v86
650 _aFACILITIES MANAGEMENT
_96240
650 _aHEALTHCARE SECTOR
650 _aNHS
690 _aOFFICE SERVICES AND ADMINISTRATION
710 _aChartered Institute of Building
_92134
942 _n0
948 _c02/09/1998
999 _c97302
_d97302